000 00305nam a2200097Ia 4500
008 220204s9999 xx 000 0 und d
082 _a339.5
_bREC
245 0 _aRecord of the proceedings of the third meeting of advisory council of trade
260 _aNew Delhi
_bMinistry of foreign trade
_c1970
942 _cBK
999 _c22209
_d22209